000 00333 a2200133 4500
020 _a1-85326-293-5
040 _aDLC
_bDLC
100 1 _aHardy, Thomas,
245 0 4 _aThe Woodlanders
_cHardy, Thomas
260 _aChatham :
_bWordsworth Classics,
_c1996
300 _a 305 p. ;
_c20 cm.
650 4 _aRoman
942 _cBK
_k823.912 HAR
_2ddc
999 _c5149
_d5149